Pokémon - Les attaques de Barbicha - Statistiques

Statistiques générales
  • Ce quiz a été pris 21 fois
  • Le résultat moyen est 9 sur 15
Statistiques - réponses
Niveaux Types Noms des attaques % Correct
Niveau 40 Sol Séisme
100%
Départ Sol Coud'Boue
90%
Niveau 24 Eau Hydro-Queue
90%
Niveau 12 Eau Vibraqua
90%
Départ Eau Pistolet à O
80%
Niveau 56 Sol Abîme
70%
Niveau 18 Psy Amnésie
70%
Départ Psy Repos
70%
Niveau 33 Eau Ocroupi
60%
Niveau 48 Psy Prescience
60%
Départ Psy Psykoud'Boul
60%
Départ Poison Éructation
40%
Départ Évolution Normal Mania
20%
Départ Normal Ronflement
20%
Départ Normal Chatouille
10%
Aucun quiz correspondant
Distribution des résultats
% des personnes avec chaque résultat
Percentile par nombre de réponses
Votre historique - résultats
Vous n’avez pas pris ce quiz